000 00338nam a22001337a 4500
008 180115b xxu||||| |||| 00| 0 eng d
020 _a9781305397477
041 _aeng
080 _28 ED
_a37
100 _a42
101 _aEDU
245 _aON COURSE STRATEGIES FOR CREATING SUCCESS IN COLLEGE AND LIFE
_cBEAR.A.C
942 _2udc
_cBK
999 _c40241
_d40241